Films de Paul Thomas Anderson par images - Statistiques

Statistiques générales
  • Ce quiz a été pris 199 fois
  • Le résultat moyen est 5 sur 8
Statistiques - réponses
Par images Réponse % Correct
There Will Be Blood
88%
Phantom Thread
71%
Magnolia
70%
Licorice Pizza
68%
Punch-Drunk Love
65%
Boogie Nights
64%
The Master
54%
Inherent Vice
41%
Aucun quiz correspondant
Distribution des résultats
% des personnes avec chaque résultat
Percentile par nombre de réponses
Votre historique - résultats
Vous n’avez pas pris ce quiz